China Multiple Choice Country Quiz - Statistics

General Stats
  • This quiz has been taken 81 times
  • The average score is 11 of 15
Answer Stats
Question Answer % Correct
What is the capital of China? Beijing
100%
What is China's national animal? Giant Panda
100%
Which of the following was not a Chinese dynasty. Shing
100%
What was the economic and social plan that killed an estimated 15-55 million people? The Great Leap Forward
100%
Who is the current president of China? Xi Jinping
100%
What is the most populous Chinese province? Guangdong
88%
What is the longest river in China. Yangtze
88%
What is the most populous Chinese urban area? Guangzhou
75%
What is the most populous Chinese city (city proper)? Shanghai
75%
What is the largest lake in China? Qinghai Lake (Ch'inghai Lake)
50%
What is the most densely populated Chinese province? Shanghai Municipality
50%
What is the least populous Chinese province? Tibet Autonomous Region
50%
How long is the Great Wall of China? 13,171 miles (21,197 kilometers)
38%
What is the least densely populated Chinese province? Tibet Autonomous Region
25%
What is the second most spoken language in China? Wu/Shanghainese
13%
No matching quizzes found
Score Distribution
Percent of People with Each Score
Percentile by Number Answered
Your Score History
You have not taken this quiz